Volley Marmara spike ligue 2024/2025 7 de départ - Statistiques

Statistiques générales
  • Ce quiz a été pris 62 fois
  • Le résultat moyen est 16 sur 56
Statistiques - réponses
Position Joueur % Correct
Central Nicolas Le Goff
77%
Passeur Amir Tizi Oualou
65%
Passeur Raphaël Corre
58%
Central Joris Seddik
56%
Libéro Luca Ramon
54%
Pointu Nathan Feral
48%
Libéro Corentin Phelut
46%
Récéptioneur/Attaquant Noa Duflos Rossi
46%
Récéptioneur/Attaquant Tomas Lopez
46%
Passeur Zeljko Coric
46%
Récéptioneur/Attaquant Antoine Pothron
44%
Pointu Dimitar Dimitrov
44%
Récéptioneur/Attaquant Mathis Henno
44%
Récéptioneur/Attaquant Ezequiel Palacios
40%
Pointu Pierre Toledo
40%
Passeur Thomas Gill
38%
Libéro Franco Massimino
35%
Passeur Joseph Worsley
35%
Libéro Thibault Loubeyre
35%
Central Michael Parkinson
31%
Pointu Simon Hirsch
31%
Central Simon Magnin
31%
Récéptioneur/Attaquant Tom Picard
31%
Libéro Facundo Santucci
29%
Passeur Brett Walsh
27%
Récéptioneur/Attaquant Ignacios Luengas
27%
Central Michael Marshman
27%
Pointu Ryan Sclater
27%
Récéptioneur/Attaquant Gonzalo Quiroga
25%
Central Lukas Maase
25%
Libéro Sébastien Closter
25%
Récéptioneur/Attaquant Thomas Pujol
23%
Central Ilya Petkov
21%
Central Leandro Nascimento
21%
Central Lohan Nack Minyem
21%
Central Merrick McHenry
21%
Central Shane Holdaway
21%
Central Simon Roehrig
21%
Récéptioneur/Attaquant Thibaut Thoral
21%
Passeur Bruno Dias
19%
Récéptioneur/Attaquant Niko Suihkonen
19%
Récéptioneur/Attaquant Alexandros Raptis
17%
Récéptioneur/Attaquant Lukas Demar
17%
Libéro Mason Briggs
17%
Central Rodney-Ken Ah-Kong
17%
Central Jackson Howe
15%
Récéptioneur/Attaquant Jan Martinez Franchi
15%
Passeur Axel Jacobsen
13%
Central Jacob Ekman
13%
Récéptioneur/Attaquant Nooa Marttila
13%
Central Omar Biglino
13%
Pointu Pablo Koukartsev
13%
Pointu Reda Haikal
10%
Récéptioneur/Attaquant Marco Pierotti
8%
Libéro Okan Demiryurek
8%
Pointu Bozidar Vucicevic
6%
Aucun quiz correspondant
Distribution des résultats
% des personnes avec chaque résultat
Percentile par nombre de réponses
Votre historique - résultats
Vous n’avez pas pris ce quiz